Juvenile delinquency (Record no. 189910)

MARC details
000 -LEADER
fixed length control field 00395nam a2200157Ia 4500
005 - DATE AND TIME OF LATEST TRANSACTION
control field 20250402111031.0
008 - FIXED-LENGTH DATA ELEMENTS--GENERAL INFORMATION
fixed length control field 231217s9999 xx 000 0 und d
020 ## - INTERNATIONAL STANDARD BOOK NUMBER
International Standard Book Number 9788131413036
082 ## - DEWEY DECIMAL CLASSIFICATION NUMBER
Classification number 364.36 PAD;1 R
100 ## - MAIN ENTRY--PERSONAL NAME
Personal name Padmaja, K ed.
245 #0 - TITLE STATEMENT
Title Juvenile delinquency
260 ## - PUBLICATION, DISTRIBUTION, ETC. (IMPRINT)
Date of publication, distribution, etc. 2007
Name of publisher, distributor, etc. ICFAI Press
Place of publication, distribution, etc. Hyderabad
300 ## - PHYSICAL DESCRIPTION
Extent vi, 246
650 ## - SUBJECT ADDED ENTRY--TOPICAL TERM
Topical term or geographic name as entry element Juvenile,delinquency
942 ## - ADDED ENTRY ELEMENTS (KOHA)
Koha item type Books
Holdings
Date last seen Total Checkouts Full call number Accession number Old discount Cost, replacement price Price effective from Category Public note Lost status Damaged status Department Withdrawn status bill no. bill date Permanent Location Current Location Shelving location Entry date Vendor Cost, normal purchase price Grants Currency symbol Conversion rate Discount Discount type
26/01/2024   364.36 PAD;1 R 66866   38.00 26/01/2024 Books 66866     Central Library   1993 28/10/2014 Central Library Central Library Central Library 02/11/2010 ICFAI Press 38.00 MBA RS 1   Rupees
26/01/2024   364.36 PAD;2 R1 66867   38.00 26/01/2024 Books 66867     F-Block Annex   1993 28/10/2014 Central Library Central Library F-Block Library Annex 02/11/2010 ICFAI Press 38.00 MBA RS 1   Rupees

© For any Suggestions or Query, please contact the library staff @ librarian@pes.edu or Phone: +9180 2672 1983/ 2108.